[Event "Biel op-B 56th"]
[Site "Biel"]
[Date "2023.07.17"]
[Round "1"]
[White "Meier, Herbert"]
[Black "Cordes, Lothar"]
[Result "0-1"]
[WhiteElo "1503"]
[BlackElo "1754"]
[PlyCount "89"]
[EventDate "2023.07.17"]
[EventType "swiss"]
[EventRounds "9"]
[EventCountry "SUI"]
[SourceTitle "EXT 2024"]
[Source "ChessBase"]
[SourceDate "2023.10.10"]
[SourceVersion "1"]
[SourceVersionDate "2023.10.10"]
[SourceQuality "1"]

1. e4 c5 2. Nf3 e6 3. Nc3 a6 4. d4 cxd4 5. Nxd4 Qc7 6. g3 Nc6 7. Be3 Nf6 8. h3 b5 9. a3 Bb7 10. Bg2 Be7 11. f4 d6 12. Qf3 0-0 13. 0-0 Na5 14. Qe2 Nc4 15. e5 Bxg2 16. Kxg2 dxe5 17. fxe5 Qxe5 18. Bf2 Qxe2 19. Ncxe2 Nxb2 20. Rfb1 Nc4 21. a4 Nd5 22. axb5 axb5 23. Rxa8 Rxa8 24. Rxb5 Rc8 25. Nb3 Nce3+ 26. Kf3 Nxc2 27. Bc5 Bxc5 28. Nxc5 g6 29. Nd3 Kg7 30. h4 Nc3 31. Rc5 Rxc5 32. Nxc5 Nxe2 33. Kxe2 h5 34. Ne4 Nd4+ 35. Kf2 e5 36. Ke3 f5 37. Ng5 Kf6 38. Kd3 Ne6 39. Nh3 f4 40. Ke4 fxg3 41. Kf3 Nf4 42. Ng5 g2 43. Kf2 Kf5 44. Nf3 e4 45. Ng1 0-1

[Event "Biel ATO op 52nd"]
[Site "Biel"]
[Date "2019.07.26"]
[Round "5"]
[White "Valencak, Stanislav"]
[Black "Cordes, Lothar"]
[Result "1-0"]
[WhiteElo "1942"]
[BlackElo "1852"]
[PlyCount "115"]
[EventDate "2019.07.20"]
[EventType "swiss"]
[EventRounds "9"]
[EventCountry "SUI"]
[SourceTitle "EXT 2020"]
[Source "ChessBase"]
[SourceDate "2019.10.17"]
[SourceVersion "1"]
[SourceVersionDate "2019.10.17"]
[SourceQuality "1"]

1. e4 c5 2. f4 e6 3. Nf3 Nc6 4. c3 d5 5. e5 Bd7 6. Be2 Qb6 7. d3 Nh6 8. 0-0 Be7 9. Qc2 Nf5 10. g4 Nh6 11. h3 0-0-0 12. Be3 Kb8 13. Bf2 Qc7 14. Nbd2 f6 15. d4 cxd4 16. cxd4 Nf7 17. Rac1 Rc8 18. a3 Qd8 19. Qb1 g5 20. Bg3 gxf4 21. Bxf4 fxe5 22. dxe5 Ng5 23. Kg2 h5 24. gxh5 Rxh5 25. Nxg5 Rxg5+ 26. Bxg5 Bxg5 27. Qd3 Nxe5 28. Rxc8+ Kxc8 29. Qg3 Bxd2 30. Qxe5 Ba5 31. Qg7 Qh4 32. Rf8+ Bd8 33. Qh8 Qg5+ 34. Bg4 Qd2+ 35. Rf2 Qe3 36. Re2 Qg5 37. Kg3 e5 38. Rxe5 Qxe5+ 39. Qxe5 Bc7 40. Kf4 d4 41. Qxc7+ Kxc7 42. Ke4 Bc6+ 43. Kxd4 Kd6 44. Bf5 b6 45. h4 Bf3 46. Ke3 Bh5 47. Kf4 Kd5 48. Kg5 Bf7 49. Bg6 Bg8 50. Kf6 Kc4 51. Bf7+ Bxf7 52. Kxf7 Kb3 53. h5 Kxb2 54. h6 Kxa3 55. h7 b5 56. h8Q a5 57. Ke6 a4 58. Kd5 1-0

[Event "Biel ATO op 52nd"]
[Site "Biel"]
[Date "2019.07.25"]
[Round "4"]
[White "Cordes, Lothar"]
[Black "Novalic, Miralem"]
[Result "1-0"]
[WhiteElo "1852"]
[BlackElo "2010"]
[PlyCount "144"]
[EventDate "2019.07.20"]
[EventType "swiss"]
[EventRounds "9"]
[EventCountry "SUI"]
[SourceTitle "EXT 2020"]
[Source "ChessBase"]
[SourceDate "2019.10.17"]
[SourceVersion "1"]
[SourceVersionDate "2019.10.17"]
[SourceQuality "1"]

1. d4 Nf6 2. Nf3 g6 3. c4 Bg7 4. Nc3 d6 5. e4 0-0 6. Be2 Nbd7 7. 0-0 e5 8. Re1 Re8 9. Bf1 c6 10. d5 Qc7 11. Bd2 h6 12. b4 c5 13. b5 Nh5 14. a4 Nf8 15. Ra3 Qe7 16. g3 Nh7 17. h4 Bg4 18. Ne2 f5 19. Nh2 Bxe2 20. Qxe2 f4 21. Bh3 Rf8 22. Be6+ Kh8 23. g4 N5f6 24. Rh3 Ne8 25. h5 Ng5 26. Rd3 Nxe6 27. dxe6 Qxe6 28. hxg6 Qxg6 29. Rh3 Rd8 30. Qf3 Kg8 31. Kh1 Bf6 32. Ba5 Rd7 33. Rg1 Bg5 34. Qd3 Qe6 35. Nf3 Rg7 36. Nd2 Be7 37. f3 b6 38. Bc3 Bg5 39. Rh2 Nc7 40. Nb1 Rd8 41. Bb2 Qf7 42. Nc3 Ne6 43. Nd5 Rh7 44. Bc3 Kg7 45. Rh5 Kg6 46. Kg2 Qb7 47. Kf2 Ra8 48. a5 bxa5 49. Bxa5 Nd4 50. Bc3 a5 51. Ra1 a4 52. Qd1 a3 53. Ra2 Qa7 54. Qd3 Rb7 55. Rh1 Qa4 56. Rb1 Bh4+ 57. Kg2 Bd8 58. Bb2 Qc2+ 59. Qxc2 Nxc2 60. Bxe5 dxe5 61. Rxc2 Ra4 62. Kf2 Ba5 63. Ke2 Kg5 64. Kd3 Bb4 65. Ra2 Kh4 66. Rh1+ Kg5 67. Rh5+ Kg6 68. Rxe5 Rf7 69. Kc2 Be1 70. Kb3 Ra8 71. Rxa3 Rxa3+ 72. Kxa3 Ra7+ 1-0

[Event "Bodensee Seniors op"]
[Site "Bregenz"]
[Date "2019.05.30"]
[Round "5"]
[White "Cordes, Lothar"]
[Black "Kierzek, Matthias"]
[Result "0-1"]
[WhiteElo "1840"]
[BlackElo "2196"]
[PlyCount "54"]
[EventDate "2019.05.26"]
[EventType "swiss"]
[EventRounds "7"]
[EventCountry "AUT"]
[SourceTitle "CBM 190 Extra"]
[Source "ChessBase"]
[SourceDate "2019.07.15"]
[SourceVersion "1"]
[SourceVersionDate "2019.07.15"]
[SourceQuality "1"]

1. d4 d5 2. Nf3 Nf6 3. c4 c6 4. Nc3 dxc4 5. a4 Bf5 6. Ne5 e6 7. f3 Bb4 8. Nxc4 c5 9. Be3 Nd5 10. Qb3 Nxe3 11. Nxe3 Qxd4 12. Nxf5 exf5 13. Rd1 Qh4+ 14. g3 Qe7 15. Bh3 g6 16. Kf2 Bxc3 17. Qxc3 0-0 18. Rd5 Na6 19. Rhd1 Rfd8 20. Re5 Qc7 21. Rxd8+ Rxd8 22. Qe3 Qd6 23. Re7 Rd7 24. Re8+ Kg7 25. Qg5 Nc7 26. Rb8 Ne6 27. Qc1 Qxb8 0-1

[Event "Niedersachsen-ch Seniors 51st"]
[Site "Handeloh"]
[Date "2017.06.22"]
[Round "5"]
[White "Hilburt, Leonid"]
[Black "Cordes, Lothar"]
[Result "0-1"]
[WhiteElo "1877"]
[BlackElo "1743"]
[PlyCount "90"]
[EventDate "2017.06.18"]
[EventType "swiss"]
[EventRounds "7"]
[EventCountry "GER"]
[SourceTitle "EXT 2023"]
[Source "ChessBase"]
[SourceDate "2022.10.05"]
[SourceVersion "1"]
[SourceVersionDate "2022.10.05"]
[SourceQuality "1"]

1. e4 c5 2. Nc3 Nc6 3. g3 g6 4. Bg2 Bg7 5. f4 e6 6. Nf3 Nge7 7. d3 0-0 8. 0-0 d6 9. Be3 Rb8 10. Rb1 b5 11. Ne2 Qa5 12. a3 Rd8 13. d4 cxd4 14. Nfxd4 Qc7 15. c3 a5 16. Qd3 Nxd4 17. Nxd4 Qc4 18. Qd2 Qc7 19. b4 a4 20. Rfc1 e5 21. Ne2 Be6 22. Qe1 d5 23. fxe5 dxe4 24. Nf4 Bc4 25. Bxe4 Bxe5 26. Qf2 Nd5 27. Nxd5 Bxd5 28. Bxd5 Rxd5 29. Rc2 Qc4 30. Rf1 Rb7 31. Bc5 Rbd7 32. Rfc1 Qb3 33. Qe2 Kg7 34. Kg2 Qxa3 35. Qxb5 Rd2+ 36. Bf2 R2d5 37. Qe2 Bf6 38. c4 Re5 39. Qg4 Qd3 40. Rc3 Qd2 41. R1c2 Qd6 42. b5 Rg5 43. Qf3 Rf5 44. c5 Rxf3 45. cxd6 Rxc3 0-1

[Event "Niedersachsen-ch Seniors 51st"]
[Site "Handeloh"]
[Date "2017.06.19"]
[Round "2"]
[White "Adibekian, Roubik"]
[Black "Cordes, Lothar"]
[Result "1-0"]
[WhiteElo "2024"]
[BlackElo "1743"]
[PlyCount "63"]
[EventDate "2017.06.18"]
[EventType "swiss"]
[EventRounds "7"]
[EventCountry "GER"]
[SourceTitle "EXT 2023"]
[Source "ChessBase"]
[SourceDate "2022.10.05"]
[SourceVersion "1"]
[SourceVersionDate "2022.10.05"]
[SourceQuality "1"]

1. d4 Nf6 2. Nf3 d5 3. c4 e6 4. g3 Be7 5. Bg2 0-0 6. 0-0 b6 7. Qc2 Bb7 8. Ne5 c6 9. Nc3 Nbd7 10. e4 dxc4 11. Nxc4 Ba6 12. Ne2 Qc8 13. Rd1 Rd8 14. Bf4 Nf8 15. h3 Ng6 16. Be3 Rb8 17. Nf4 Bxc4 18. Nxg6 hxg6 19. Qxc4 Qb7 20. g4 Rbc8 21. g5 Nd7 22. e5 b5 23. Qb3 a5 24. a4 b4 25. Rac1 Nb6 26. h4 Nd5 27. Qc4 Qa8 28. Qe2 Qb7 29. Be4 Bf8 30. h5 gxh5 31. g6 f5 32. Qxh5 1-0

[Event "Schleswig Holstein-ch Seniors op 10th"]
[Site "Buesum"]
[Date "2016.10.03"]
[Round "8"]
[White "Cordes, Lothar"]
[Black "Eberhardt, Michael"]
[Result "1/2-1/2"]
[WhiteElo "1857"]
[BlackElo "1780"]
[PlyCount "91"]
[EventDate "2016.09.26"]
[EventType "swiss"]
[EventRounds "9"]
[EventCountry "GER"]
[SourceTitle "EXT 2019"]
[Source "ChessBase"]
[SourceDate "2018.10.10"]
[SourceVersion "1"]
[SourceVersionDate "2018.10.10"]
[SourceQuality "1"]

1. d4 Nf6 2. Nf3 e6 3. c4 b6 4. g3 Bb7 5. Bg2 Bb4+ 6. Nbd2 0-0 7. 0-0 c5 8. a3 Bxd2 9. Bxd2 cxd4 10. Bf4 d6 11. Bg5 h6 12. Bxf6 Qxf6 13. Qxd4 e5 14. Qc3 Nc6 15. Rfd1 Qe7 16. e3 Rac8 17. Nh4 Qf6 18. Qd3 Rfd8 19. b4 Rc7 20. Rac1 Bc8 21. Bd5 Ne7 22. e4 Nxd5 23. cxd5 Re7 24. Rc3 g5 25. Ng2 Bh3 26. Rdc1 Ree8 27. Qe2 Rc8 28. g4 Rxc3 29. Rxc3 Bxg2 30. Kxg2 Qe7 31. Qc2 Rd8 32. Rc7 Rd7 33. Rc8+ Kg7 34. Qc6 f6 35. a4 Rb7 36. Re8 Qd7 37. Re6 Kf7 38. Kf3 Qxc6 39. dxc6 Rc7 40. Rxd6 Ke7 41. Rd7+ Rxd7 42. cxd7 Kxd7 43. Ke3 Kc6 44. Kd3 a6 45. Kc4 b5+ 46. axb5+ 1/2-1/2

[Event "Niedersachsen-ch Seniors 49th"]
[Site "Wesel Undeloh"]
[Date "2015.07.24"]
[Round "6"]
[White "Cordes, Lothar"]
[Black "Stummeyer, Dieter"]
[Result "1/2-1/2"]
[WhiteElo "1773"]
[BlackElo "1742"]
[PlyCount "35"]
[EventDate "2015.07.19"]
[EventType "swiss"]
[EventRounds "7"]
[EventCountry "GER"]
[SourceTitle "EXT 2018"]
[Source "ChessBase"]
[SourceDate "2017.10.13"]
[SourceVersion "1"]
[SourceVersionDate "2017.10.13"]
[SourceQuality "1"]

1. d4 Nf6 2. Nf3 d5 3. c4 e6 4. Nc3 Be7 5. Bg5 0-0 6. e3 b6 7. cxd5 exd5 8. Qc2 Bb7 9. Bd3 Nbd7 10. Bxf6 Nxf6 11. Ne5 Rc8 12. Bf5 Ra8 13. g4 g6 14. g5 Ne8 15. Bg4 f5 16. gxf6 Nxf6 17. Be6+ Kg7 18. Rg1 1/2-1/2

[Event "Dresden ZMD op-B 21st"]
[Site "Dresden"]
[Date "2012.08.21"]
[Round "4"]
[White "Cordes, Lothar"]
[Black "Gungl, Theo"]
[Result "0-1"]
[WhiteElo "1758"]
[BlackElo "1860"]
[PlyCount "54"]
[EventDate "2012.08.18"]
[EventType "swiss"]
[EventRounds "9"]
[EventCountry "GER"]
[SourceTitle "CBM 150 Extra"]
[Source "ChessBase"]
[SourceDate "2012.10.19"]
[SourceVersion "1"]
[SourceVersionDate "2012.10.19"]
[SourceQuality "1"]

1. d4 d5 2. Nf3 Nf6 3. c4 c6 4. Nc3 e6 5. Bg5 dxc4 6. e4 b5 7. e5 h6 8. Bh4 g5 9. Nxg5 hxg5 10. Bxg5 Nbd7 11. g3 Bb7 12. Bg2 Qb6 13. exf6 0-0-0 14. Qf3 b4 15. Ne2 c5 16. Qxb7+ Qxb7 17. Bxb7+ Kxb7 18. 0-0 cxd4 19. Nxd4 Ne5 20. f4 Ng4 21. h3 Rxd4 22. hxg4 Rd2 23. Bh4 Bc5+ 24. Kh1 Rhd8 25. f5 Rxb2 26. Bg5 Rd3 27. fxe6 Rxg3 0-1

[Event "Dresden ZMD op-B 21st"]
[Site "Dresden"]
[Date "2012.08.19"]
[Round "2"]
[White "Cordes, Lothar"]
[Black "Maeder, Juergen"]
[Result "0-1"]
[WhiteElo "1758"]
[BlackElo "1781"]
[PlyCount "152"]
[EventDate "2012.08.18"]
[EventType "swiss"]
[EventRounds "9"]
[EventCountry "GER"]
[SourceTitle "CBM 150 Extra"]
[Source "ChessBase"]
[SourceDate "2012.10.19"]
[SourceVersion "1"]
[SourceVersionDate "2012.10.19"]
[SourceQuality "1"]

1. d4 Nf6 2. Nf3 g6 3. c4 d5 4. Nc3 Bg7 5. Qb3 c6 6. e3 0-0 7. Bd2 e6 8. Bd3 Nbd7 9. 0-0 Re8 10. cxd5 exd5 11. Rac1 Bh6 12. Qc2 Nh5 13. e4 Bxd2 14. Qxd2 dxe4 15. Nxe4 Nf8 16. h3 Be6 17. b4 Bd5 18. Rfe1 Bxe4 19. Bxe4 Qd6 20. Qc3 Nf6 21. Bb1 Ne6 22. Rcd1 Nd5 23. Qb2 Qxb4 24. Qxb4 Nxb4 25. a3 Nd5 26. Ba2 Nc3 27. Rd2 Nxa2 28. Rxa2 Nc7 29. Rb1 Nb5 30. Rb3 Nd6 31. Rc2 Rad8 32. a4 f6 33. g4 g5 34. Kg2 Rd7 35. a5 Rc8 36. Rbc3 Nb5 37. Rb3 a6 38. Re3 Kf7 39. Rce2 Nc7 40. Rb3 Nd5 41. Reb2 Rcc7 42. Kg3 Re7 43. h4 h6 44. hxg5 hxg5 45. Nd2 Nf4 46. Nf3 Kf8 47. Re3 Rh7 48. Ng1 Rh4 49. Kf3 Rch7 50. Reb3 Ne6 51. Ne2 Nd8 52. Ke4 Rxg4+ 53. Kf5 Rgh4 54. Kxf6 Rg7 55. Rg3 Rh6+ 56. Kf5 Ne6 57. Ke5 Rd7 58. Rbb3 Rd5+ 59. Ke4 Rh4+ 60. Ke3 Nd8 61. Ra3 Ke7 62. f3 Nf7 63. Rg4 Rxg4 64. fxg4 Nd6 65. Ra4 Rb5 66. Kd2 Ne4+ 67. Ke3 Nf6 68. Kf3 Rb3+ 69. Kg2 Nxg4 70. Ng3 Nf6 71. Ra1 Rb5 72. Re1+ Kd7 73. Rf1 Nd5 74. Rf7+ Ke8 75. Rg7 Kf8 76. Nh5 Nf4+ 0-1

[Event "Dresden ZMD op-B 21st"]
[Site "Dresden"]
[Date "2012.08.18"]
[Round "1"]
[White "Nobis, Anna"]
[Black "Cordes, Lothar"]
[Result "0-1"]
[WhiteElo "1773"]
[BlackElo "1758"]
[PlyCount "68"]
[EventDate "2012.08.18"]
[EventType "swiss"]
[EventRounds "9"]
[EventCountry "GER"]
[SourceTitle "CBM 150 Extra"]
[Source "ChessBase"]
[SourceDate "2012.10.19"]
[SourceVersion "1"]
[SourceVersionDate "2012.10.19"]
[SourceQuality "1"]

1. e4 c5 2. Nc3 Nc6 3. g3 d6 4. Bg2 Nf6 5. d3 g6 6. f4 Bg7 7. Nf3 0-0 8. 0-0 a6 9. h3 Qc7 10. Be3 e6 11. g4 b5 12. Rb1 Bd7 13. Nh4 Rac8 14. f5 exf5 15. gxf5 Nd4 16. Ne2 Nxe2+ 17. Qxe2 Rce8 18. Qd2 Bc6 19. Bh6 d5 20. Bf4 Qd8 21. e5 Ne4 22. dxe4 Qxh4 23. f6 Bh8 24. exd5 Bd7 25. Bh6 Rxe5 26. Bxf8 Kxf8 27. Qc3 Bxf6 28. Qxc5+ Be7 29. Qc3 Bf6 30. Qa3+ Be7 31. Qf3 Bc5+ 32. Kh2 Bf5 33. Ra1 Re3 34. Qf4 Rxh3+ 0-1

[Event "Bad Ems op"]
[Site "Bad Ems"]
[Date "2004.03.06"]
[Round "1"]
[White "Kritz, Leonid"]
[Black "Cordes, Lothar"]
[Result "1-0"]
[WhiteElo "2534"]
[BlackElo "2028"]
[PlyCount "73"]
[EventDate "2004.03.06"]
[EventType "swiss"]
[EventRounds "9"]
[EventCountry "GER"]
[SourceTitle "CBM 099 Extra"]
[Source "ChessBase"]
[SourceDate "2004.05.04"]
[SourceVersion "1"]
[SourceVersionDate "2004.05.04"]
[SourceQuality "1"]

1. e4 e6 2. d4 d5 3. Nc3 Bb4 4. e5 c5 5. a3 Bxc3+ 6. bxc3 Ne7 7. Qg4 Qc7 8. Qxg7 Rg8 9. Qxh7 cxd4 10. Ne2 dxc3 11. f4 Nbc6 12. Qd3 Bd7 13. Rb1 Rc8 14. Rb3 Na5 15. Rxc3 Nc4 16. Bd2 Ba4 17. h3 Qb6 18. g4 Kd7 19. Qd4 Nc6 20. Qxb6 Nxb6 21. Be3 Nc4 22. Bf2 b6 23. Nd4 N6a5 24. Rg1 Nc6 25. h4 Nxd4 26. Bxd4 Na5 27. Rxc8 Rxc8 28. c3 Nc4 29. f5 Nxa3 30. Bd3 Nc2+ 31. Kd2 Nxd4 32. cxd4 a5 33. fxe6+ fxe6 34. g5 Ke7 35. g6 Be8 36. h5 Kf8 37. g7+ 1-0

[Event "Biel op-B"]
[Site "Biel"]
[Date "1993.??.??"]
[Round "5"]
[White "Haar, Wolfgang"]
[Black "Cordes, Lothar"]
[Result "1/2-1/2"]
[WhiteElo "1730"]
[BlackElo "1850"]
[PlyCount "28"]
[EventDate "1993.07.??"]
[EventType "swiss"]
[EventRounds "9"]
[EventCountry "SUI"]
[SourceTitle "TD"]
[Source "ChessBase"]
[SourceDate "1994.03.01"]
[SourceVersion "1"]
[SourceVersionDate "1994.03.01"]
[SourceQuality "1"]

1. c4 Nf6 2. Nc3 c5 3. Nf3 Nc6 4. g3 g6 5. Bg2 Bg7 6. 0-0 d6 7. d3 0-0 8. a3 Rb8 9. Rb1 Nd4 10. e3 Nxf3+ 11. Bxf3 b6 12. b4 Bb7 13. Bxb7 Rxb7 14. b5 e6 1/2-1/2